[Event "20th NATO Chess Ch"]
[Site "?"]
[Date "2009.06.18"]
[Round "6.32"]
[White "Prevot, Jean-Luc"]
[Black "Ola, Nathaniel"]
[Result "1-0"]
[WhiteElo "2119"]
[BlackElo "1975"]
[PlyCount "137"]
[SourceDate "2000.01.03"]

1. Nf3 d5 2. c4 c6 3. b3 Bf5 4. Bb2 e6 5. g3 Nd7 6. Bg2 Ngf6 7. O-O Be7 8. d3
Bg4 9. Nbd2 Bxf3 10. Nxf3 O-O 11. Qc2 c5 12. e4 d4 13. b4 e5 14. bxc5 Bxc5 15.
a4 Qe7 16. Bc1 Ne8 17. Nh4 g6 18. Bh6 Ng7 19. Bh3 Rab8 20. Kh1 f6 21. Qe2 Rf7
22. Qg4 Bd6 23. f4 Rd8 24. Rab1 Rb8 25. Rb5 Nf8 26. Rb2 Qd7 27. Bxg7 Qxg4 28.
Bxg4 Kxg7 29. Rbf2 Nd7 30. Bxd7 Rxd7 31. Rb1 a6 32. f5 g5 33. Nf3 a5 34. Rb3
Bb4 35. Rbb2 Kf7 36. Nd2 Bc3 37. Rc2 Rc7 38. Nb3 Ra8 39. Rc1 Bb4 40. Rb1 Ke7
41. Nc1 Ra7 42. Rb3 b6 43. Na2 Bc5 44. Rb5 Rab7 45. Nc1 h5 46. h3 Ba3 47. Nb3
Bb4 48. Kg2 Ba3 49. Kf3 Bb4 50. Ke2 Ba3 51. Kf3 Bb4 52. g4 h4 53. Ke2 Ba3 54.
Kd2 Bb4+ 55. Kc2 Ba3 56. Kb1 Bb4 57. Ka2 Bd6 58. Kb1 Bb4 59. Kc2 Ba3 60. Kb1
Bb4 61. Kb2 Bd6 62. c5 Bxc5 63. Nxc5 bxc5 64. Kb3 Rxb5+ 65. axb5 a4+ 66. Kxa4
Ra7+ 67. Kb3 Rc7 68. Ra2 Rd7 69. Kc4 1-0

[Event "20th NATO Chess Ch"]
[Site "?"]
[Date "2009.06.18"]
[Round "6.33"]
[White "Toll, Alec"]
[Black "Mankauskas, Donatas"]
[Result "1/2-1/2"]
[WhiteElo "2084"]
[BlackElo "1950"]
[PlyCount "37"]
[SourceDate "2000.01.03"]

1. d4 e6 2. Nf3 Nf6 3. Bg5 Be7 4. Nbd2 d5 5. e3 h6 6. Bh4 Nbd7 7. Bd3 O-O 8.
O-O b6 9. c3 c5 10. Qe2 Bb7 11. Rad1 Ne4 12. Bxe7 Qxe7 13. Ne5 Nxe5 14. dxe5
Rad8 15. f3 Nxd2 16. Rxd2 f5 17. exf6 Qxf6 18. Rfd1 e5 19. Bc2 1/2-1/2

[Event "20th NATO Chess Ch"]
[Site "?"]
[Date "2009.06.18"]
[Round "6.34"]
[White "Wagenaar, Harm Theo"]
[Black "De Cat, Ben"]
[Result "0-1"]
[WhiteElo "2070"]
[BlackElo "1920"]
[PlyCount "64"]
[SourceDate "2000.01.03"]

1. d4 Nf6 2. Nf3 d6 3. Bf4 Nbd7 4. e3 c5 5. c3 Qb6 6. Qc2 Nh5 7. Bg3 g6 8. Nbd2
Bg7 9. Be2 f5 10. a4 Ndf6 11. O-O Bd7 12. dxc5 Qxc5 13. b4 Qc7 14. Nd4 e5 15.
Nb5 Bxb5 16. Bxb5+ Ke7 17. e4 f4 18. Bh4 h6 19. Bxf6+ Nxf6 20. a5 h5 21. Nf3 h4
22. h3 Bh6 23. Nxh4 Rag8 24. Ba4 Bg5 25. Nf3 Bh4 26. Rfd1 g5 27. Bb3 Rg6 28.
Nxh4 Rxh4 29. Rd2 f3 30. Qd3 g4 31. gxf3 gxf3+ 32. Kf1 Rxh3 0-1

[Event "20th NATO Chess Ch"]
[Site "?"]
[Date "2009.06.18"]
[Round "6.35"]
[White "Tezcan, Emre"]
[Black "Kocur, Marc"]
[Result "1-0"]
[WhiteElo "2039"]
[BlackElo "1919"]
[PlyCount "55"]
[SourceDate "2000.01.03"]

1. e4 d6 2. d4 Nf6 3. Nc3 Nbd7 4. Nf3 e5 5. Be2 Be7 6. O-O c6 7. h3 h6 8. Be3
Qc7 9. a4 Nf8 10. Nd2 g5 11. Nc4 Ng6 12. Qd2 Be6 13. d5 Nxe4 14. Nxe4 cxd5 15.
Ncxd6+ Bxd6 16. Nf6+ Kf8 17. Nxd5 Bxd5 18. Qxd5 Nf4 19. Bxf4 gxf4 20. Rfd1 Bc5
21. Bc4 Kg7 22. Bd3 Rad8 23. Qe4 Rd4 24. Qf5 Qd6 25. Re1 Re8 26. Qh7+ Kf8 27.
Qh8+ Ke7 28. Rxe5+ 1-0

[Event "20th NATO Chess Ch"]
[Site "?"]
[Date "2009.06.18"]
[Round "6.36"]
[White "Lukjanovas, Vladas"]
[Black "Nilsen, Terje"]
[Result "0-1"]
[WhiteElo "1902"]
[BlackElo "2022"]
[PlyCount "55"]
[SourceDate "2000.01.03"]

1. Nf3 g6 2. g3 Bg7 3. Bg2 d6 4. d4 Nd7 5. c4 Ngf6 6. Nc3 O-O 7. O-O Re8 8. Bg5
h6 9. Bd2 e5 10. e3 c6 11. Qb3 Nb6 12. Na4 Ne4 13. Ba5 Bg4 14. h3 Bxf3 15. Bxf3
Ng5 16. Bg2 exd4 17. Nxb6 axb6 18. Bxb6 Qd7 19. Bxd4 Nxh3+ 20. Bxh3 Qxh3 21.
Qxb7 c5 22. Bxg7 Kxg7 23. Qg2 Qg4 24. b3 Ra7 25. f3 Qg5 26. e4 h5 27. f4 Qf6
28. Rab1 0-1

[Event "20th NATO Chess Ch"]
[Site "?"]
[Date "2009.06.18"]
[Round "6.37"]
[White "Barquin, Benjamin"]
[Black "Barta, Csaba"]
[Result "1/2-1/2"]
[WhiteElo "2019"]
[BlackElo "1903"]
[PlyCount "110"]
[SourceDate "2000.01.03"]

1. e4 e5 2. Nf3 Nc6 3. Bc4 Bc5 4. c3 Nf6 5. O-O Nxe4 6. d4 d5 7. Bb5 exd4 8.
cxd4 Bd6 9. Nc3 Nxc3 10. bxc3 O-O 11. Bg5 Ne7 12. Re1 c6 13. Ba4 Qc7 14. Bc2
Ng6 15. h3 f6 16. Be3 Qf7 17. Qd3 Re8 18. Nh4 Nf8 19. Rab1 Rb8 20. Nf3 g6 21.
Qd2 b6 22. Ba4 b5 23. Bc2 Ne6 24. a4 a6 25. axb5 axb5 26. Ra1 Re7 27. Reb1 Ra7
28. Ne1 Rba8 29. Qc1 Ng7 30. Rxa7 Qxa7 31. Bf4 Qc7 32. Bxd6 Qxd6 33. Qe3 Bd7
34. g4 Kf7 35. Nd3 Ne6 36. Qh6 Kg8 37. Re1 Qf8 38. Qe3 Re8 39. Qg3 Ra8 40. Nb4
Kf7 41. Qe3 Re8 42. Qg3 Kg7 43. Kg2 Nf4+ 44. Kf1 Rxe1+ 45. Kxe1 Qe7+ 46. Kd2
Qe2+ 47. Kc1 g5 48. Kb2 Qe7 49. Nd3 Nxd3+ 50. Qxd3 Kg8 51. Qe3 Qxe3 52. fxe3 h5
53. Bd1 Kg7 54. Kb3 Kh6 55. Kb4 h4 1/2-1/2

[Event "20th NATO Chess Ch"]
[Site "?"]
[Date "2009.06.18"]
[Round "6.38"]
[White "Adkins, James"]
[Black "Cappon, Kaan"]
[Result "1/2-1/2"]
[WhiteElo "2015"]
[BlackElo "1877"]
[PlyCount "42"]
[SourceDate "2000.01.03"]

1. Nf3 Nf6 2. d4 g6 3. Bg5 Ne4 4. Bf4 Bg7 5. e3 d5 6. Nbd2 Nxd2 7. Qxd2 Bf5 8.
Bd3 Bxd3 9. Qxd3 c6 10. O-O O-O 11. c4 Nd7 12. cxd5 cxd5 13. Rac1 Nb6 14. Bc7
Qd7 15. Bxb6 axb6 16. Qb3 e6 17. Qxb6 Rxa2 18. b4 Ra6 19. Qc5 Rc6 20. Qa5 Ra6
21. Qc5 Rc6 1/2-1/2

[Event "20th NATO Chess Ch"]
[Site "?"]
[Date "2009.06.18"]
[Round "6.39"]
[White "Stuhr, Finn"]
[Black "Erhan, Ersin"]
[Result "0-1"]
[WhiteElo "1665"]
[BlackElo "1928"]
[PlyCount "94"]
[SourceDate "2000.01.03"]

1. e4 e6 2. d4 d5 3. e5 c5 4. c3 Ne7 5. Bd3 Nbc6 6. Bc2 Nf5 7. Bxf5 exf5 8. f4
Be6 9. Nf3 Be7 10. g3 Rc8 11. Be3 Qb6 12. Qc2 cxd4 13. Nxd4 Nxd4 14. Bxd4 Qxd4
15. cxd4 Rxc2 16. O-O O-O 17. Nc3 g5 18. Rf2 Rxf2 19. Kxf2 Rc8 20. a3 Kg7 21.
Ke3 Kh6 22. Kd3 a6 23. Ne2 Bd7 24. Nc3 Bc6 25. Rc1 Bb5+ 26. Kd2 Bc6 27. Nxd5
Bd8 28. h4 gxh4 29. gxh4 Bxh4 30. Nb6 Rd8 31. Ke3 Be7 32. d5 Bxd5 33. Rc7 Bh4
34. Nxd5 Rxd5 35. Rxf7 Rb5 36. b4 Kg6 37. Rd7 Rb6 38. Kd4 Bg3 39. Kd5 h5 40.
Rd8 h4 41. Rg8+ Kh6 42. Rg5 Rg6 43. Rxf5 h3 44. Rf8 Kg7 45. Rf5 h2 46. Rh5 Rh6
47. Rg5+ Kf7 0-1

[Event "20th NATO Chess Ch"]
[Site "?"]
[Date "2009.06.18"]
[Round "6.40"]
[White "Steffers, Hendrik"]
[Black "Harwood, Duncan"]
[Result "0-1"]
[WhiteElo "1977"]
[BlackElo "1800"]
[PlyCount "78"]
[SourceDate "2000.01.03"]

1. d4 Nf6 2. Nf3 g6 3. Nc3 d5 4. Bf4 Bg7 5. Qd2 O-O 6. Bh6 Ne4 7. Nxe4 dxe4 8.
Bxg7 Kxg7 9. Ng1 c5 10. e3 Qb6 11. c3 Nc6 12. Bc4 Rd8 13. Ne2 e5 14. O-O exd4
15. exd4 Ne5 16. Bb3 f5 17. Qg5 Nc6 18. Nf4 Rf8 19. d5 Nd8 20. d6 Nf7 21. Nh5+
Kg8 22. Qf6 gxh5 23. Qg5+ Kh8 24. Qf6+ Kg8 25. Qg5+ Kh8 26. Qe7 Qxd6 27. Qh4
Ne5 28. Rad1 Qg6 29. Qe7 Qg7 30. Qxc5 b6 31. Qb5 Bd7 32. Qe2 Nd3 33. g3 Ne5 34.
Qxh5 f4 35. Bd5 Nf3+ 36. Kg2 Bg4 37. Qxg4 Qxg4 38. Bxa8 Nh4+ 39. Kg1 Qf3 0-1

[Event "20th NATO Chess Ch"]
[Site "?"]
[Date "2009.06.18"]
[Round "6.41"]
[White "Dekker, Ard"]
[Black "Hunter, Terry"]
[Result "1/2-1/2"]
[WhiteElo "1880"]
[BlackElo "1692"]
[PlyCount "24"]
[SourceDate "2000.01.03"]

1. b3 d5 2. Bb2 Bf5 3. e3 Nf6 4. Nf3 Nbd7 5. Be2 e6 6. O-O c6 7. d4 Qc7 8. c4
dxc4 9. Bxc4 Bd6 10. Nbd2 Rg8 11. Re1 Ne4 12. Nxe4 Bxe4 1/2-1/2

[Event "20th NATO Chess Ch"]
[Site "?"]
[Date "2009.06.18"]
[Round "6.42"]
[White "Cuadrado, Lopez Francisco Jav"]
[Black "Denner, Philip"]
[Result "1-0"]
[WhiteElo "1941"]
[BlackElo "1648"]
[PlyCount "111"]
[SourceDate "2000.01.03"]

1. Nf3 d5 2. g3 Nf6 3. Bg2 c6 4. O-O e6 5. d3 Be7 6. Nbd2 Nbd7 7. a3 O-O 8. e4
Qc7 9. Re1 e5 10. Qe2 Nb6 11. exd5 cxd5 12. Qxe5 Bd6 13. Qc3 Qd8 14. Nb3 Bd7
15. Bg5 Rc8 16. Bxf6 Qxf6 17. Qxf6 gxf6 18. Nbd4 Na4 19. Rab1 a6 20. Nd2 Nb6
21. b4 Be5 22. N2f3 Rfe8 23. Re2 Kf8 24. Rbe1 Bd6 25. Rxe8+ Rxe8 26. Rxe8+ Kxe8
27. Nd2 Be5 28. N2b3 Kd8 29. f4 Bd6 30. Kf2 Kc7 31. Ke3 Bf8 32. Na5 Bc8 33. Bf3
f5 34. Bh5 f6 35. Bf7 Kd6 36. Bg8 h6 37. Bh7 Na4 38. Bxf5 b6 39. Bxc8 bxa5 40.
Bxa6 axb4 41. axb4 Nb6 42. Bb5 Na8 43. h4 Nc7 44. Ba4 Na6 45. c3 Nc7 46. Nb5+
Nxb5 47. Bxb5 Be7 48. g4 Bd8 49. c4 dxc4 50. dxc4 Bc7 51. Ke4 Ke6 52. c5 Kf7
53. Bc4+ Ke7 54. b5 Kd8 55. b6 Bb8 56. c6 1-0

[Event "20th NATO Chess Ch"]
[Site "?"]
[Date "2009.06.18"]
[Round "6.43"]
[White "Ghiacy, Jelani"]
[Black "Bublys, Vaidotas"]
[Result "0-1"]
[WhiteElo "1517"]
[BlackElo "1930"]
[PlyCount "91"]
[SourceDate "2000.01.03"]

1. e4 e5 2. Nc3 Nf6 3. d3 Nc6 4. Nf3 d6 5. Bg5 Be7 6. Qd2 h6 7. Bh4 Nxe4 8.
Bxe7 Nxd2 9. Bxd8 Nxf3+ 10. gxf3 Kxd8 11. O-O-O Be6 12. Kb1 Kd7 13. Rg1 Rag8
14. Bg2 Nd4 15. f4 exf4 16. Bxb7 c6 17. Ba6 Nf3 18. Rh1 Bh3 19. Ne2 Bg2 20.
Nxf4 Bxh1 21. Rxh1 Re8 22. Rc1 Nxh2 23. d4 g5 24. Nh5 Re6 25. d5 cxd5 26. Bb7
Re5 27. Ba6 Rf5 28. Re1 Rxf2 29. Bb5+ Kc7 30. a3 f5 31. Nf6 Kb6 32. Bd3 Kc6 33.
Re7 Rf8 34. Nh7 Rg8 35. Rxa7 g4 36. a4 g3 37. Nf6 Rg6 38. Bb5+ Kc5 39. Nd7+ Kd4
40. c3+ Ke3 41. Nf8 Rg8 42. Re7+ Kd2 43. Ne6 g2 44. Nd4 g1=Q+ 45. Ka2 Rgg2 46.
Re2+ 0-1

[Event "20th NATO Chess Ch"]
[Site "?"]
[Date "2009.06.18"]
[Round "6.44"]
[White "Vercauteren, Daniel"]
[Black "Van Dusen, Eric"]
[Result "1/2-1/2"]
[WhiteElo "1686"]
[BlackElo "1881"]
[PlyCount "127"]
[SourceDate "2000.01.03"]

1. Nc3 d5 2. e4 d4 3. Nce2 c5 4. Ng3 Nc6 5. Nf3 g6 6. Bc4 e6 7. d3 a6 8. a3 Bg7
9. O-O Nge7 10. Bd2 O-O 11. b4 b5 12. Bb3 cxb4 13. axb4 Bb7 14. Ng5 Qd6 15. Qe1
Ne5 16. f4 Ng4 17. Qe2 Ne3 18. Bxe3 dxe3 19. Rab1 Bc3 20. Nh5 h6 21. e5 Qc6 22.
Nf6+ Kg7 23. Nge4 Nf5 24. Rf3 Nd4 25. Qxe3 Nxf3+ 26. Qxf3 Bxb4 27. Qg3 Qb6+ 28.
Kh1 Bxe4 29. Nxe4 Be7 30. Rf1 f5 31. exf6+ Bxf6 32. f5 exf5 33. Rxf5 Qd8 34.
Qg4 Qc8 35. Nd6 Qd7 36. Qg3 Qe7 37. h3 Bh4 38. Qe5+ Qxe5 39. Rxe5 Rf1+ 40. Kh2
Raf8 41. Rc5 Be7 42. Rc7 R1f7 43. Nxf7 Rxf7 44. Bxf7 Bd6+ 45. Kg1 Bxc7 46. Be8
g5 47. Kf2 Kf6 48. Ke2 Ke5 49. Kd1 Kd4 50. Kc1 Kc3 51. Kb1 Bd6 52. Bf7 a5 53.
Be6 b4 54. Bc4 Kd4 55. Bb5 Bf4 56. Ba4 Ke3 57. Bc6 Kf2 58. Be4 Be5 59. Bd5 a4
60. Be4 b3 61. cxb3 axb3 62. Bd5 Bf6 63. Be4 Ke3 64. Bg6 1/2-1/2

[Event "20th NATO Chess Ch"]
[Site "?"]
[Date "2009.06.18"]
[Round "6.45"]
[White "Le Fevre, Stephen"]
[Black "Bellemare, Régis"]
[Result "1-0"]
[WhiteElo "1864"]
[BlackElo "1634"]
[PlyCount "41"]
[SourceDate "2000.01.03"]

1. d4 f5 2. c4 e6 3. g3 Nf6 4. Bg2 Be7 5. Nc3 O-O 6. Nf3 d6 7. O-O Nbd7 8. Qc2
a6 9. b3 Nb6 10. e4 fxe4 11. Nxe4 Nxe4 12. Qxe4 Bf6 13. Rb1 Re8 14. Qc2 Nd7 15.
Bb2 g6 16. Rbd1 e5 17. dxe5 Nxe5 18. Nxe5 Bxe5 19. Bxe5 Rxe5 20. Qc3 Rb8 21.
Qxe5 1-0

[Event "20th NATO Chess Ch"]
[Site "?"]
[Date "2009.06.18"]
[Round "6.46"]
[White "Ulusoy, Mustafa"]
[Black "Murray, Brian"]
[Result "1-0"]
[WhiteElo "1737"]
[BlackElo "1571"]
[PlyCount "81"]
[SourceDate "2000.01.03"]

1. d4 d5 2. Nf3 Bf5 3. c4 c6 4. Qb3 b6 5. Nc3 e6 6. Bf4 Be7 7. e3 Nd7 8. Rc1
Ngf6 9. cxd5 cxd5 10. Bb5 O-O 11. O-O Nh5 12. Bxd7 Nxf4 13. exf4 Qxd7 14. Ne5
Qd6 15. Nb5 Qb4 16. Nc6 Qxb3 17. Nxe7+ Kh8 18. axb3 Bd3 19. Nc7 Bxf1 20. Nxa8
Rxa8 21. Kxf1 Rd8 22. Rc8 Rxc8 23. Nxc8 a6 24. Nxb6 Kg8 25. b4 Kf8 26. Nd7+ Ke8
27. Nc5 Kd8 28. Nxa6 Kc8 29. Ke2 Kb7 30. Nc5+ Kb6 31. Kd3 Kb5 32. Kc3 h6 33. b3
g6 34. g4 Kc6 35. f3 g5 36. fxg5 hxg5 37. Nd3 f6 38. f4 gxf4 39. Nxf4 e5 40.
dxe5 fxe5 41. Ne2 1-0

[Event "20th NATO Chess Ch"]
[Site "?"]
[Date "2009.06.18"]
[Round "6.47"]
[White "Kacevicius, Dangiras"]
[Black "Papler, Peter"]
[Result "0-1"]
[WhiteElo "1730"]
[BlackElo "1500"]
[PlyCount "122"]
[SourceDate "2000.01.03"]

1. d4 d5 2. c4 e6 3. e3 Nf6 4. cxd5 exd5 5. Nc3 Bf5 6. Nf3 c6 7. Be2 Bd6 8. O-O
Nbd7 9. Bd3 Ne4 10. Qc2 Qe7 11. Bxe4 Bxe4 12. Nxe4 dxe4 13. Nd2 f5 14. f4 O-O-O
15. Nc4 Bc7 16. Bd2 Rdf8 17. Qb3 Qh4 18. Ba5 b6 19. Be1 Qf6 20. a4 g5 21. Bb4
Rfg8 22. Rac1 gxf4 23. exf4 Qxd4+ 24. Ne3 Nc5 25. Qc3 Rd8 26. Qxd4 Rxd4 27. Bc3
Rhd8 28. Bxd4 Rxd4 29. a5 Kb7 30. axb6 Bxb6 31. Nxf5 Nd3 32. Nxd4 Bxd4+ 33. Kh1
Nf2+ 34. Rxf2 Bxf2 35. f5 Kc7 36. Rd1 e3 37. f6 e2 38. Rb1 e1=Q+ 39. Rxe1 Bxe1
40. g4 Kd7 41. Kg2 Ke6 42. Kf3 Kxf6 43. b3 h6 44. h3 Ke5 45. Ke3 a5 46. Kf3 Bd2
47. h4 c5 48. Ke2 Bc1 49. Kd3 Kd5 50. Kc2 Ba3 51. g5 hxg5 52. h5 Ke6 53. h6 Kf7
54. h7 Kg7 55. h8=Q+ Kxh8 56. Kd3 Kg7 57. Ke3 Kf6 58. Ke4 Bb4 59. Kf3 Kf5 60.
Kg3 Bd2 61. Kf3 Ke5 0-1

[Event "20th NATO Chess Ch"]
[Site "?"]
[Date "2009.06.18"]
[Round "6.1"]
[White "Schenk, Andreas"]
[Black "Bieluszewski, Piotr"]
[Result "1-0"]
[WhiteElo "2507"]
[BlackElo "2153"]
[PlyCount "89"]
[EventDate "2009.06.18"]
[SourceDate "2000.01.03"]

1. d4 d5 2. c4 c6 3. Nf3 Nf6 4. e3 e6 5. Nc3 Nbd7 6. Bd3 Bd6 7. e4 dxc4 8. Bxc4
e5 9. dxe5 Bxe5 10. Nxe5 Nxe5 11. Qxd8+ Kxd8 12. Be2 Re8 13. O-O Ned7 14. f3
Ke7 15. Bf4 Kf8 16. Bd6+ Kg8 17. a4 a5 18. Rfd1 h6 19. Rd2 Nf8 20. e5 N6d7 21.
f4 Nb6 22. Bc7 Nbd7 23. Rf1 Nc5 24. Bd6 Ncd7 25. g3 Nb6 26. Bc7 Nbd7 27. Bc4
Nc5 28. f5 Na6 29. Bd6 b6 30. Ne4 Ra7 31. g4 Nc7 32. g5 hxg5 33. Nxg5 Nd5 34.
Bxd5 cxd5 35. Rxd5 f6 36. Bxf8 Kxf8 37. Nf3 Rc7 38. e6 Ba6 39. Re1 Rc2 40. Rd4
Rxb2 41. Nh4 g5 42. fxg6 Re2 43. Rxe2 Bxe2 44. Nf5 Kg8 45. Rd7 1-0

[Event "20th NATO Chess Ch"]
[Site "?"]
[Date "2009.06.19"]
[Round "7.2"]
[White "Sypien, Mateusz"]
[Black "Helbig, Mark"]
[Result "1-0"]
[WhiteElo "2245"]
[BlackElo "2337"]
[PlyCount "75"]
[SourceDate "2000.01.03"]

1. e4 c6 2. d4 d5 3. Nc3 g6 4. Be3 dxe4 5. Nxe4 Nd7 6. Qd2 Ngf6 7. Bd3 Nxe4 8.
Bxe4 Nf6 9. f3 Bf5 10. Bxf5 gxf5 11. Ne2 e6 12. O-O Be7 13. c4 Qc7 14. Bf4 Bd6
15. Bxd6 Qxd6 16. Rfd1 Qe7 17. Nf4 Rd8 18. Qe3 O-O 19. Re1 Rd7 20. Rad1 Rfd8
21. Qe5 Ne8 22. a3 Qf6 23. Qe3 b6 24. Rd3 Rxd4 25. Nd5 R4xd5 26. cxd5 cxd5 27.
b3 Nd6 28. Rc1 Nb7 29. b4 Nd6 30. Qd2 b5 31. Rc5 Nc4 32. Qc1 a6 33. Rc6 Ra8 34.
Rxd5 Ne5 35. Qc3 Ng4 36. Qxf6 Nxf6 37. Rdc5 a5 38. Rc8+ 1-0

[Event "20th NATO Chess Ch"]
[Site "?"]
[Date "2009.06.19"]
[Round "7.3"]
[White "Drabke, Lorenz"]
[Black "Wantiez, Fabrice"]
[Result "1/2-1/2"]
[WhiteElo "2469"]
[BlackElo "2339"]
[PlyCount "36"]
[SourceDate "2000.01.03"]

1. e4 e5 2. Nf3 Nc6 3. Nc3 Bb4 4. Nd5 Nf6 5. Nxb4 Nxb4 6. Nxe5 Qe7 7. d4 d6 8.
a3 dxe5 9. axb4 exd4 10. Qxd4 Qxe4+ 11. Qxe4+ Nxe4 12. Bf4 c6 13. Bd3 Nf6 14.
Bd6 a6 15. b5 cxb5 16. Bxb5+ Bd7 17. Bd3 O-O-O 18. O-O Bb5 1/2-1/2

[Event "20th NATO Chess Ch"]
[Site "?"]
[Date "2009.06.19"]
[Round "7.4"]
[White "Bieluszewski, Piotr"]
[Black "Hole, Oystein"]
[Result "0-1"]
[WhiteElo "2153"]
[BlackElo "2401"]
[PlyCount "131"]
[SourceDate "2000.01.03"]

1. e4 c6 2. d4 d5 3. Nd2 dxe4 4. Nxe4 Bf5 5. Ng3 Bg6 6. h4 h6 7. Nf3 Nd7 8. h5
Bh7 9. Bd3 Bxd3 10. Qxd3 e6 11. Ne4 Ngf6 12. Bd2 Be7 13. Nxf6+ Nxf6 14. c4 Qc7
15. Qc2 O-O 16. Bc3 b5 17. b3 bxc4 18. bxc4 c5 19. dxc5 Qxc5 20. Bd4 Qa5+ 21.
Kf1 Rac8 22. Re1 Qa6 23. Ne5 Rfd8 24. Ba1 Bb4 25. Rd1 Rxd1+ 26. Qxd1 Qxa2 27.
Rh4 Be7 28. Rd4 Rb8 29. Rd2 Qb1 30. Nc6 Qxd1+ 31. Rxd1 Rb7 32. Nxe7+ Rxe7 33.
Rd8+ Kh7 34. Bxf6 gxf6 35. Rc8 Rd7 36. g4 a5 37. Ra8 Rc7 38. Rxa5 Rxc4 39. f3
Rc2 40. Rb5 Kg7 41. Ke1 Rh2 42. Kf1 f5 43. Kg1 Rd2 44. Rb4 fxg4 45. Rxg4+ Kf6
46. Rf4+ Ke7 47. Rg4 Rd5 48. Rh4 Kf6 49. Kf2 Kg5 50. Rh1 Rd3 51. Rh3 Rd4 52.
Kg3 e5 53. Rh1 f6 54. Rh2 Rd3 55. Rg2 Kxh5 56. Re2 Kg5 57. Re1 Ra3 58. Re2 h5
59. Kg2 h4 60. Kf2 Ra4 61. Rb2 Kf4 62. Kg2 h3+ 63. Kh2 Kxf3 64. Rb3+ Kf4 65.
Kxh3 e4 66. Rb1 0-1

[Event "20th NATO Chess Ch"]
[Site "?"]
[Date "2009.06.19"]
[Round "7.5"]
[White "De Haan, Eric"]
[Black "Alaslar, Devrim"]
[Result "1-0"]
[WhiteElo "2353"]
[BlackElo "2135"]
[PlyCount "87"]
[SourceDate "2000.01.03"]

1. d4 f5 2. g3 Nf6 3. Bg2 g6 4. Nh3 Bg7 5. c4 O-O 6. Nc3 d6 7. d5 Na6 8. Rb1
Nc5 9. O-O e5 10. dxe6 Bxe6 11. b4 Nce4 12. Nxe4 Nxe4 13. Qc2 b5 14. cxb5 Nc3
15. Nf4 Bf7 16. Rb3 Nxb5 17. e3 g5 18. Nd5 Qd7 19. Bb2 Be6 20. Bxg7 Kxg7 21.
Qb2+ Kg6 22. Rc1 Rac8 23. Rc6 Qf7 24. Rd3 Bd7 25. Ra6 c6 26. Nc3 Qf6 27. a4
Nxc3 28. Rxc3 Rc7 29. Qd2 Rd8 30. b5 d5 31. h3 Kg7 32. bxc6 Bc8 33. Ra5 d4 34.
exd4 Rxd4 35. Rd3 Rxd3 36. Qxd3 Re7 37. Kh2 f4 38. Qd5 fxg3+ 39. fxg3 h6 40.
Qf3 Qd6 41. Rd5 Qc7 42. Qc3+ Kg8 43. Qf6 Kh7 44. Rd6 1-0

[Event "20th NATO Chess Ch"]
[Site "?"]
[Date "2009.06.19"]
[Round "7.6"]
[White "Sirch, Franz"]
[Black "Pedersen, Finn"]
[Result "0-1"]
[WhiteElo "2172"]
[BlackElo "2287"]
[PlyCount "88"]
[SourceDate "2000.01.03"]

1. e4 c6 2. d4 d5 3. exd5 cxd5 4. c4 Nf6 5. Nc3 Nc6 6. Nf3 Bg4 7. cxd5 Nxd5 8.
Qb3 Bxf3 9. gxf3 e6 10. Qxb7 Nxd4 11. Bb5+ Nxb5 12. Qc6+ Ke7 13. Qxb5 Qd7 14.
Nxd5+ Qxd5 15. Qxd5 exd5 16. O-O Rd8 17. Be3 d4 18. Bd2 Rd5 19. Rac1 Kd7 20.
Rc4 Bc5 21. Rfc1 Bb6 22. a4 Re8 23. a5 Bd8 24. Rb4 Re2 25. Rb7+ Ke6 26. Rc6+
Kf5 27. Rxf7+ Bf6 28. Bh6 Re6 29. Rxe6 Kxe6 30. Rxa7 gxh6 31. Kf1 d3 32. Ke1
Bg5 33. Ra6+ Kf5 34. b4 d2+ 35. Kd1 Re5 36. Rd6 Re1+ 37. Kc2 Rc1+ 38. Kb3 d1=Q+
39. Rxd1 Rxd1 40. b5 Ra1 41. a6 Bd8 42. Kc4 Bb6 43. Kd5 Rc1 44. Kd6 h5 0-1

[Event "20th NATO Chess Ch"]
[Site "?"]
[Date "2009.06.19"]
[Round "7.7"]
[White "Kertesz, Alfred"]
[Black "Picart, Laurent"]
[Result "1-0"]
[WhiteElo "2270"]
[BlackElo "2148"]
[PlyCount "49"]
[SourceDate "2000.01.03"]

1. d4 Nf6 2. c4 e6 3. Nf3 Bb4+ 4. Bd2 Qe7 5. Nc3 b6 6. g3 Bb7 7. Bg2 O-O 8. O-O
Bxc3 9. Bxc3 Ne4 10. Be1 c5 11. Nd2 Nd6 12. dxc5 bxc5 13. Bxb7 Nxb7 14. Nf3 Nc6
15. Bc3 d6 16. Qa4 Qc7 17. Rfd1 a5 18. Qc2 Qb6 19. Qe4 h6 20. g4 Ne7 21. g5 Nf5
22. gxh6 gxh6 23. Kh1 Rfc8 24. Qg4+ Kf8 25. Bf6 1-0

[Event "20th NATO Chess Ch"]
[Site "?"]
[Date "2009.06.19"]
[Round "7.8"]
[White "Oltean, Gusztav"]
[Black "Karbowiak, Adam"]
[Result "1-0"]
[WhiteElo "2133"]
[BlackElo "2217"]
[PlyCount "73"]
[SourceDate "2000.01.03"]

1. Nf3 Nf6 2. g3 g6 3. Bg2 Bg7 4. O-O O-O 5. d4 d6 6. c4 Nc6 7. Nc3 Bg4 8. h3
Bxf3 9. Bxf3 Nd7 10. e3 e5 11. d5 Ne7 12. Bg2 f5 13. Rb1 a5 14. a3 Nc8 15. b4
Qe7 16. Qc2 axb4 17. axb4 Nf6 18. f4 e4 19. Ne2 c5 20. dxc6 bxc6 21. Nd4 c5 22.
Nc6 Qd7 23. b5 Nb6 24. Rd1 Qe6 25. Bf1 Ra4 26. Bb2 Rfa8 27. Ra1 Rxa1 28. Rxa1
Rxa1 29. Bxa1 Nfd7 30. Bxg7 Kxg7 31. Qa2 Qe8 32. Qb2+ Kf7 33. g4 Nf6 34. g5
Nfd7 35. h4 Kg8 36. Be2 h5 37. gxh6 {unreadable} 1-0

[Event "20th NATO Chess Ch"]
[Site "?"]
[Date "2009.06.19"]
[Round "7.9"]
[White "Narman, Gökhan"]
[Black "Moen, Steinar"]
[Result "0-1"]
[WhiteElo "2120"]
[BlackElo "2214"]
[PlyCount "66"]
[SourceDate "2000.01.03"]

1. d4 Nf6 2. c4 e6 3. Nf3 d5 4. g3 Be7 5. Bg2 O-O 6. O-O c6 7. b3 b6 8. Nbd2
Bb7 9. Bb2 Nbd7 10. Qc2 Rc8 11. e4 c5 12. exd5 exd5 13. Ne5 Qc7 14. Nxd7 Qxd7
15. dxc5 dxc4 16. Bxb7 Qxb7 17. Nxc4 Rxc5 18. Rfe1 b5 19. Qe2 Rc7 20. Ne3 Rc5
21. Bd4 Rc6 22. Nf5 Re6 23. Qd2 Ne4 24. Qf4 Ng5 25. Nxe7+ Qxe7 26. Rxe6 fxe6
27. Qg4 h5 28. Qd1 Rd8 29. Rc1 Rxd4 30. Rc8+ Kf7 31. Qxh5+ g6 32. Qe2 Qb7 33.
Rh8 Qd5 0-1

[Event "20th NATO Chess Ch"]
[Site "?"]
[Date "2009.06.19"]
[Round "7.11"]
[White "Indbryn, Tommy"]
[Black "Krainski, Jaroslaw"]
[Result "1/2-1/2"]
[WhiteElo "2158"]
[BlackElo "2072"]
[PlyCount "38"]
[SourceDate "2000.01.03"]

1. c4 e5 2. Nc3 Nf6 3. g3 d5 4. cxd5 Nxd5 5. Bg2 Nb6 6. Nf3 Nc6 7. O-O Be7 8.
d3 Be6 9. a3 O-O 10. b4 f6 11. Bb2 Qd7 12. Ne4 Rfd8 13. Rc1 Rac8 14. Nc5 Bxc5
15. bxc5 Nd5 16. Re1 Nde7 17. Qa4 Rb8 18. Nd2 Qe8 19. Nc4 Qf7 1/2-1/2

[Event "20th NATO Chess Ch"]
[Site "?"]
[Date "2009.06.19"]
[Round "7.12"]
[White "Lillevold, Frode"]
[Black "Demjen, Attila"]
[Result "1-0"]
[WhiteElo "2154"]
[BlackElo "2046"]
[PlyCount "37"]
[SourceDate "2000.01.03"]

1. d4 c6 2. c4 d5 3. Nc3 Nf6 4. Nf3 dxc4 5. a4 Bf5 6. Ne5 e6 7. f3 Bb4 8. e4
Bxe4 9. fxe4 Nxe4 10. Bd2 Qxd4 11. Nxe4 Qxe4+ 12. Qe2 Bxd2+ 13. Kxd2 Qxe2+ 14.
Bxe2 b5 15. axb5 f6 16. Nxc4 Nd7 17. bxc6 Nc5 18. Ke3 Ke7 19. b4 1-0

[Event "20th NATO Chess Ch"]
[Site "?"]
[Date "2009.06.19"]
[Round "7.13"]
[White "Kedzierski, Slawomir"]
[Black "Nielsen, Rene"]
[Result "1-0"]
[WhiteElo "2069"]
[BlackElo "2187"]
[PlyCount "93"]
[SourceDate "2000.01.03"]

1. d4 Nf6 2. Nf3 e6 3. c4 Bb4+ 4. Nbd2 b6 5. g3 Bb7 6. Bg2 O-O 7. O-O d5 8. a3
Bxd2 9. Nxd2 c5 10. dxc5 bxc5 11. cxd5 exd5 12. Qc2 Nbd7 13. b3 Rc8 14. Bb2 Qb6
15. e3 Rfe8 16. Rfd1 Qe6 17. Rac1 Ng4 18. Nf3 f6 19. Ne1 Nge5 20. Nd3 g5 21.
Qe2 Red8 22. Nxe5 Nxe5 23. Qb5 Qb6 24. Qxb6 axb6 25. f4 gxf4 26. exf4 Ng4 27.
Re1 Kf7 28. Bf3 Nh6 29. Bh5+ Kf8 30. Bxf6 Rd7 31. Bg5 Nf5 32. Bg4 Rf7 33. Re5
Nd4 34. Rce1 Kg7 35. Kf2 Rb8 36. Bh5 Rff8 37. Re7+ Kh8 38. Bh6 Rg8 39. Rc7 Nf5
40. Bg5 Rgf8 41. g4 h6 42. gxf5 hxg5 43. Bg6 Rfd8 44. Ree7 Ba6 45. Rh7+ Kg8 46.
Rcg7+ Kf8 47. f6 1-0